Tilastot visalle Sanoista verbeiksi

Klikkaa tästä pelataksesi tätä visaa!

Yleistilastot

  • Tätä visaa on pelattu 80 kertaa
  • Keskiarvotulos 31 / 35

Vastaustilastot

HintVastaus% Oikein
ElämäElää
99%
KuivaKuivata / Kuivua
96%
KalaKalastaa
94%
KasviKasvaa
94%
KuoriKuoria
94%
KuvaKuvata / Kuvauttaa / Kuvittaa
94%
LomaLomittaa / Lomauttaa / Lomailla
94%
MausteMaustaa
93%
NimiNimetä / Nimittää / Nimitellä
93%
OpettajaOpettaa
93%
PeliPelata
93%
KouluKouluttaa
91%
LusikkaLusikoida
91%
SanaSanoa / Sanoittaa
91%
SadeSataa
91%
SuolaSuolata
91%
VihaVihata
91%
KelloKellottaa
90%
LevyLevyttää
90%
NauhaNauhoittaa
90%
PalloPalloilla / Pallotella
90%
RakkausRakastaa
90%
SavuSavuta / Savuttaa
90%
OppilasOppia
88%
SivuSivuta / Sivuttaa
88%
PeiliPeilata
87%
ItuItää
86%
KultaKullata
86%
PatsasPatsastella
86%
TulliTullata
86%
LukkoLukita
84%
RuoskaRuoskia
84%
SaapasSaapastella
84%
KukkoKukkoilla
77%
RakoRakoilla
71%

Tulosjakauma

Persentiili vastausten määrän mukaan

Jokaisen tuloksen saaneiden osuus

Tuloshistoriasi

Et ole pelannut tätä visaa